Эпистемология и философия науки, 2005, том 6, № 4 научно-теоретический журнал
Sábháilte in:
| Formáid: | Журнал |
|---|---|
| Eagrán: | 1 |
| Rochtain ar líne: | https://znanium.com/catalog/document?id=241420 https://znanium.com/cover/0556/556680.jpg |
| Clibeanna: |
Cuir clib leis
Níl clibeanna ann, Bí ar an gcéad duine le clib a chur leis an taifead seo!
|
| LEADER | 01136nam0a2200253 i 4500 | ||
|---|---|---|---|
| 001 | RU\infra-m\znanium\bibl\556680 | ||
| 003 | https://znanium.com/catalog/document?id=241420 | ||
| 005 | 20250812000000.0 | ||
| 100 | |a 20250812d2016 m y0rusy0150 ca | ||
| 101 | 0 | |a rus | |
| 102 | |a RU | ||
| 200 | 1 | |a Эпистемология и философия науки, 2005, том 6, № 4 |e научно-теоретический журнал |e Журнал | |
| 205 | |a 1 | ||
| 210 | 1 | |a Москва |c ИФ РАН |d 2005 | |
| 215 | |a 253 с. | ||
| 333 | |a ВО - Магистратура | ||
| 606 | |a Философия |x Философия науки и образования |2 local | ||
| 608 | |a Журнал |2 local | ||
| 675 | |a 10 |z rus | ||
| 686 | |a 87 |2 rubbk | ||
| 686 | |a 47.00.00 |2 okso | ||
| 801 | 0 | |a RU |b Общество с ограниченной ответственностью «ЗНАНИУМ» |c 20160421 |2 rusmarc | |
| 856 | 4 | |a znanium.com |m ebs_support@infra-m.ru |n НИЦ ИНФРА-М |u https://znanium.com/catalog/document?id=241420 | |
| 856 | 4 | 1 | |a znanium.com |d /cover/0556 |f 556680.jpg |q image/jpeg |u https://znanium.com/cover/0556/556680.jpg |